Vista normal
Vista MARC
Entrada Nombre de reunión
Número de registros utilizados en: 1
001 - NÚMERO DE CONTROL
- campo de control: 64726
003 - IDENTIFICADOR DEL NÚMERO DE CONTROL
- campo de control: OSt
005 - FECHA Y HORA DE LA ÚLTIMA TRANSACCIÓN
- campo de control: 20200615035503.0
008 - DATOS DE LONGITUD FIJA
- campo de control de longitud fija: 200615|| aca||aabn | a|a d
040 ## - FUENTE DE LA CATALOGACIÓN
- Centro catalogador/agencia de origen: OSt
- Centro/agencia transcriptor: OSt
111 ## - ENCABEZAMIENTO--NOMBRE DE CONGRESO/REUNIÓN
- Nombre de congreso/reunión o jurisdicción como elemento de entrada: Taller Internacional "Legislación Educativa Comparada y Experiencias de Reformas Educativas en América Latina"
- Fecha del congreso/reunión: (2018 : diciembre 10-11
- Sede del congreso/Lugar de la reunión: Santo Domingo, República Dominicana)
670 ## - FUENTE DE DATOS ENCONTRADOS
- Cita de la fuente: Work cat.: (OSt)37860: Taller Internacional "Legislación Educativa Comparada y Experiencias de Reformas Educativas en América Latina" (2018 : diciembre 10-11 Santo Domingo, República Dominicana), Discursos, ponencias, documentos y debates del taller internacional legislación educativa comprarada y experiencias de reformas educativas en América Latina., 2019.
